So sánh hành vi chào hỏi trong văn hóa giao tiếp của người Hàn Quốc và người Nhật Bản /

Zapisane w:
Opis bibliograficzny
1. autor: Võ Thu Hiền
Format: Nieznany
Język:Vietnamese
Wydane: 2014.
Seria:Luan van sinh vien
Hasła przedmiotowe:
Etykiety: Dodaj etykietę
Nie ma etykietki, Dołącz pierwszą etykiete!
Thư viện lưu trữ: Mạng thư viện Đại học Đà Nẵng
LEADER 00900na a2200289 4500
001 000032125
003 8115
005 20230415094320.0
008 151001s2014 000 vie
040 |a LNN 
041 |a vie 
082 |a 951.95306  |b VO-H 
100 |a Võ Thu Hiền 
245 0 |a So sánh hành vi chào hỏi trong văn hóa giao tiếp của người Hàn Quốc và người Nhật Bản /  |c Võ Thu Hiền. 
260 |c 2014. 
300 |a 60tr. : mh ; 30cm. 
490 |a Luan van sinh vien 
653 |a Võ Thu Hiền, Khoa QTH, 2014, nhật bản, hàn quốc, văn hóa, văn hóa Hàn quốc 
OWN |a LNN 
999 |a From the UDN01 
TYP |a Printed language 
980 |a Mạng thư viện Đại học Đà Nẵng